| 000 | 00838nam a2200241Ia 4500 | ||
|---|---|---|---|
| 003 | OSt | ||
| 005 | 20220918105510.0 | ||
| 006 | a|||||r|||| 00| 0 | ||
| 007 | ta | ||
| 008 | 220915b |||||||| |||| 00| 0 hin d | ||
| 024 | _a208115 | ||
| 037 | _cReference Collections | ||
| 040 |
_aARTS _cARTS _bhin |
||
| 041 |
_2hin _ahin |
||
| 082 | _aP152:4k, 152L2 (RR) | ||
| 100 |
_aचतुर्वेदी, महेन्द्र _91714 |
||
| 245 | 0 | _aव्यावहारिक पर्याय कोश | |
| 246 | _aVyāvahārik paryāya kosha | ||
| 260 | _c1972 | ||
| 700 |
_a गाबा, ओमप्रकाश _91715 |
||
| 942 |
_hP152:4k, 152L2 (RR) _cREF |
||
| 999 |
_c107609 _d107609 |
||